[Event "Israel"]
[Site "Israel"]
[Date "1994.??.??"]
[Round "?"]
[White "Soffer, Ram"]
[Black "Shmuter, Leonid"]
[Result "0-1"]
[WhiteElo "2515"]
[BlackElo "2470"]
[PlyCount "88"]
[EventDate "1994.??.??"]
[EventType "game"]
[EventRounds "1"]
[EventCountry "ISR"]
[SourceTitle "EXT 2010"]
[Source "ChessBase"]
[SourceDate "2010.11.25"]
[SourceVersion "1"]
[SourceVersionDate "2010.11.25"]
[SourceQuality "1"]

1. d4 Nf6 2. Nf3 g6 3. c4 Bg7 4. Nc3 d5 5. Qb3 dxc4 6. Qxc4 0-0 7. e4 a6 8. e5 b5 9. Qb3 Ng4 10. h3 Nh6 11. Bd3 Bb7 12. Be4 Bxe4 13. Nxe4 Nc6 14. Bxh6 Bxh6 15. Rd1 Na5 16. Qb4 Nc4 17. 0-0 c6 18. Rfe1 Nb6 19. Qc5 Rc8 20. e6 f6 21. Re2 Bf4 22. g3 Bb8 23. Qa3 Rc7 24. Qe3 Kg7 25. Nc5 Ra7 26. Rc1 Qd5 27. b3 a5 28. Nd3 Bd6 29. Nf4 Bxf4 30. Qxf4 a4 31. b4 Nc4 32. h4 Rd8 33. Rd1 Qd6 34. Qe4 Rc7 35. h5 g5 36. Kg2 Qd5 37. h6+ Kh8 38. Qg4 Rg8 39. Kg1 Rg6 40. Qh5 g4 41. Qxd5 cxd5 42. Nh4 Rxh6 43. Rc1 Rh5 44. Ng2 Nd2 0-1